| 000 | 01418nam a2200265 a 4500 | ||
|---|---|---|---|
| 001 | 000025642 | ||
| 005 | 20200930023934.0 | ||
| 008 | 110218s1975 ag ad r 000 0 spa d | ||
| 040 |
_aDO-SdBNP _bspa _cBNPHU |
||
| 082 |
_axxxxx _bB655e |
||
| 100 | 1 |
_aBloom, Benjamín S _952060 |
|
| 245 | 1 | 0 |
_aEvaluación del aprendizaje / _cBenjamin Samuel Bloom ,J Thomas Hastings , George F Madaus ; traducción Antonio H. Soto , Enrique molina de Vedia. |
| 260 |
_aBuenos Aires : _bTroquel, _c1975. |
||
| 300 |
_av. ; : _bil., diagrs. ; _c22.5 cm. |
||
| 500 | _aIncluye referencias bibliográficas p. [316-319]. | ||
| 500 | _aBiblioteca posee v. 2 y 4 | ||
| 504 | _aIncluye referencias bibliográficas y notas al pie de las páginas. | ||
| 505 | 0 |
_gv.2 _tEducación preescolar I, _rConstance K. Kamii. _tEducación preescolar II, _rCourtney B. Cazden. _tArtes del lenguaje, _rWalter J. Moore, _rLarry D. Kennedy. _tEstudios sociales de la escuela secundaria, _rLisanio R. Orlandi. _gv. 4 _tLiteratura, _rAlan C. Purves. _tLengua escrita, _rJoseph J. Foley. _tSegunda lengua, _rRebeca M. Valette. _tEducación industrial, _rThomas S. Baldwin |
|
| 534 |
_pTítulo original : _tHandbook on formative and summative evaluation of student learning. |
||
| 700 | 1 |
_aHastings, J. Thomas _952374 |
|
| 700 | 1 |
_aMadaus, George F. _952375 |
|
| 700 | 1 |
_aSoto, Antonio H., _etr. _948442 |
|
| 700 | 1 |
_aMolina de Vedia, Enrique, _etr. _952376 |
|
| 049 | _aBNGR | ||
| 999 |
_c25134 _d25134 |
||